000 nam a22 7a 4500
999 _c127943
_d127943
008 180417b xxu||||| |||| 00| 0 eng d
050 _aL DT3328.M36
_bA474
100 _aAlves, EDuardo Fernando
_941542
245 _aOs Macuas
_bmonografia etnografica
_cEduardo Fernando Alves
260 _aBeira
_c1964
300 _a61p. ;
_c34cm.
500 _aStencilled
650 _aMakua (African people)
_941543
942 _2lcc
_cMONOGRAPH